000 00325nam a2200121Ia 4500
008 190216s9999||||xx |||||||||||||| ||und||
100 _aRobert Louis Stevenson
245 4 _aThe Strange Case Of Dr.Jekyil And Mr.Hyde
260 _bE J Arnold & Son Ltd
_c1957
300 _a96p
650 _aEnglish Short Stories
942 _cBK
999 _c11930
_d11930